000 03930cam a2200385 i 4500
003 SA-RiAUC
005 20241223073925.0
008 241220s2015____su f 000 0 ara c
020 _a9786038100806
024 0 _a00000000971476
024 0 _a00000000339017
040 _aSA-RiKAPL
_bara
_cSA-RiAUC
_dAE-DuMBRL
_erda
082 0 4 _a214.332632
_qSA-RiAUC
090 _a214.332632
_bب ن ك
110 2 _aبنك البلاد.
_bأمانة الهيئة الشرعية
_eمؤلف.
245 1 2 _aالدليل الشرعي للتمويل العقاري بالمرابحة والإجارة :
_bدليل إرشادي مقدم للمكاتب العقارية وعملاء التمويل /
_cإعداد أمانة الهيئة الشرعية ببنك البلاد.
250 _aالطبعة الأولى.
264 1 _aالرياض :
_bدار الميمان للنشر والتوزيع :
_bبنك البلاد،
_c2015
300 _a79 صفحة ؛
_c24 × 17 سم.
336 _aنص
_btxt
_2rdacontent
_3كتاب
337 _aبدون وسيط
_bn
_2rdamedia
338 _aمجلد
_bnc
_2rdacarrier
490 0 _aسلسلة مطبوعات المجموعة الشرعية ؛
_v(12)
500 _aالصف والإخراج الطباعي : دار الميمان للنشر والتوزيع.
520 _aيتناول كتاب (الدليل الشرعي للتمويل العقاري) والذي قامت بإعداده أمانة الهيئة الشرعية، موضوع (دليل التمويل العقاري) الكتاب دليل إرشادي يعني ببيان الأحكام الشرعية، لجملة من مسائل التمويل العقاري، التي يكثر عنها السؤال، وتمس إليها الحاجة بسبب عدم انضباط بعض الممارسات في السوق العقارية بالضوابط الشرعية، مما قد يوقع المتعامل في المحظور. وقد الدليل على أبرز المسائل لأشهر صيغتين من صيغ التمويل العقاري، وهما: صيغة المرابحة للآمر بالشراء (بيع التقسيط)، وصيغة الإجارة التمويلية (الإجارة المنتهية بالتمليك).
520 _aهذا الكتاب دليل إرشادي عملي لعملاء التمويل ووسطاء العقار يفيد منه موظفو المؤسسات التمويلية وملاك العقار يعني الدليل ببيان الأحكام الشرعية لجملة من مسائل التمويل العقاري التي يكثر عنها السؤال وتمس إليهـا الحاجة بسبب عدم انضباط بعض الممارسات في السوق العقارية بالضوابط الشرعي، مما قد يوقع المتعامل في المحظور لا سيما أنه لا سبيل لغالب الناس اليوم إلى تملك المساكن إلا عن طريق التمويل اقتصر الدليل على أبرز المسائل لأشهر صيغتين من صيغ التمويل العقاري وهما صيغة المرابحة للأمر بالشراء (بيع التقسيط) وصيغة الإجارة التمويلية الإجارة المنتهية بالتمليك) اشتمل عرض المسائل على تصوير لها ثم بيان حكمها الشرعي مع إيراد بعض التنبيهات والتعريفات عند الحاجة.
650 7 _aالمرابحة (فقه إسلامي)
_2aucsh
650 7 _aالإجارة (فقه إسلامي)
_2aucsh
650 7 _aالإسلام وقروض الرهن
_2aucsh
650 7 _aالرهن العقاري
_2aucsh
856 4 2 _3Book Cover
_qJPEG
_uhttps://library.ithra.com/bc/00000000339017.jpeg
_z<CLICK_TO_VIEW_BOOK_COVER>
856 4 2 _3Table of contents
_qPDF
_uhttps://library.ithra.com/pdf/.pdf
_z<CLICK_TO_ACCESS_TOC>
942 _2ddc
_cBOOK
_n0
949 _aSA-JeALM
_d241220
_umohamedma123
_n1
999 _c3806
_d3806